2025-2026 Los Angeles Rams Roster - Statistics

General Stats
  • This quiz has been taken 48 times
  • The average score is 21 of 51
Answer Stats
Position Name % Correct
Quarterback Matthew Stafford
100%
Cornerback Darious Williams
89%
Running Back Blake Corum
86%
Wide Receiver Puka Nacua
86%
Wide Receiver Davante Adams
83%
Quarterback Jimmy Garoppolo
83%
Quarterback Stetson Bennett
77%
Linebacker Jared Verse
71%
Tight End Tyler Higbee
71%
Wide Receiver Tutu Atwell
63%
Tight End Terrance Ferguson
60%
Tight End Colby Parkinson
57%
Linebacker Byron Young
51%
Safety Kam Curl
51%
Tight End Davis Allen
49%
Cornerback Emmanuel Forbes
49%
Linebacker Nate Landman
49%
Offensive Lineman Steve Avila
49%
Punter Ethan Evans
46%
Running Back Ronnie Rivers
46%
Defensive Lineman Braden Fiske
43%
Cornerback Cobie Durant
43%
Wide Receiver Jordan Whittington
43%
Placekicker Joshua Karty
43%
Safety Kamren Kinchens
43%
Defensive Lineman Kobie Turner
43%
Safety Quentin Lake
43%
Wide Receiver Xavier Smith
43%
Offensive Lineman Alaric Jackson
40%
Running Back Jarquez Hunter
40%
Linebacker Omar Speights
40%
Offensive Lineman Kevin Dotson
37%
Linebacker Brennan Jackson
34%
Cornerback Ahkello Witherspoon
31%
Offensive Lineman Coleman Shelton
29%
Defensive Lineman Poona Ford
26%
Defensive Lineman Desjuan Johnson
23%
Defensive Lineman Tyler Davis
20%
Offensive Lineman Warren McClendon
20%
Linebacker Troy Reeder
17%
Offensive Lineman David Quessenberry
14%
Offensive Lineman D.J. Humphries
14%
Long Snapper Alex Ward
11%
Cornerback Derion Kendrick
11%
Offensive Lineman Justin Dedich
11%
Safety Jaylen McCollough
9%
Linebacker Shaun Dolac
9%
Defensive Lineman Ty Hamilton
9%
Running Back Kyren Willians
6%
Linebacker Nick Hampton
6%
Offensive Lineman A.J. Arcuri
3%
No matching quizzes found
Score Distribution
Percent of People with Each Score
Percentile by Number Answered
Your Score History
You have not taken this quiz